<?xml version="1.0" encoding="UTF-8"?>
<collection xmlns="http://www.loc.gov/MARC21/slim">
 <record>
  <leader>01493nam a2200313   4500</leader>
  <controlfield tag="001">DLU180185974</controlfield>
  <controlfield tag="005">##20180723</controlfield>
  <datafield tag="020" ind1="#" ind2="#">
   <subfield code="a">9786049504501</subfield>
  </datafield>
  <datafield tag="040" ind1="#" ind2="#">
   <subfield code="a">DLU</subfield>
   <subfield code="b">vie</subfield>
  </datafield>
  <datafield tag="041" ind1="#" ind2="#">
   <subfield code="a">vie</subfield>
  </datafield>
  <datafield tag="044" ind1="#" ind2="#">
   <subfield code="a">vn</subfield>
  </datafield>
  <datafield tag="082" ind1="#" ind2="#">
   <subfield code="a">621.942</subfield>
   <subfield code="b">NG-P</subfield>
  </datafield>
  <datafield tag="100" ind1="#" ind2="#">
   <subfield code="a">Nguyễn Phương,</subfield>
   <subfield code="c">PGS.TS.</subfield>
  </datafield>
  <datafield tag="245" ind1="#" ind2="#">
   <subfield code="a">Tính toán và thiết kế máy công cụ vạn năng và máy tiện tự động /</subfield>
   <subfield code="c">Nguyễn Phương.</subfield>
  </datafield>
  <datafield tag="260" ind1="#" ind2="#">
   <subfield code="a">H. :</subfield>
   <subfield code="b">Bách khoa,</subfield>
   <subfield code="c">2018.</subfield>
  </datafield>
  <datafield tag="300" ind1="#" ind2="#">
   <subfield code="a">450 tr. :</subfield>
   <subfield code="b">minh họa;</subfield>
   <subfield code="c">27 cm.</subfield>
  </datafield>
  <datafield tag="505" ind1="#" ind2="#">
   <subfield code="a">Chương 1. Đại cương về tính toán và thiết kế máy cắt kim loại -- Chương 2. Những nguyên tắc cơ bản khi tính toán -- Chương 3. Tính toán và thiết kế hộp tốc độ -- Chương 4. Tính toán và thiết kế hộp chạy dao -- Chương 5. Tính toán và thiết kế hệ thống điều khiển -- Chương 6. Thân máy và sống trượt -- Chương 7. Thiết kế trục chính và ổ trục -- Chương 8. Một số cơ cấu quan trọng khác của máy cắt kim loại -- Chương 9. Hệ thống bôi trơn và làm nguội của máy cắt kim loại -- Chương 10. Lắp đặt, sửa chữa và hiện đại hóa máy cắt kim loại.</subfield>
  </datafield>
  <datafield tag="650" ind1="#" ind2="#">
   <subfield code="a">Máy cắt gọt kim loại.</subfield>
  </datafield>
  <datafield tag="923" ind1="#" ind2="#">
   <subfield code="a">02/2018</subfield>
  </datafield>
  <datafield tag="991" ind1="#" ind2="#">
   <subfield code="a">SH</subfield>
  </datafield>
  <datafield tag="992" ind1="#" ind2="#">
   <subfield code="a">23000</subfield>
  </datafield>
  <datafield tag="994" ind1="#" ind2="#">
   <subfield code="a">DLU</subfield>
  </datafield>
  <datafield tag="900" ind1="#" ind2="#">
   <subfield code="a">True</subfield>
  </datafield>
  <datafield tag="911" ind1="#" ind2="#">
   <subfield code="a">Nguyễn Thanh Hương</subfield>
  </datafield>
  <datafield tag="925" ind1="#" ind2="#">
   <subfield code="a">G</subfield>
  </datafield>
  <datafield tag="926" ind1="#" ind2="#">
   <subfield code="a">A</subfield>
  </datafield>
  <datafield tag="927" ind1="#" ind2="#">
   <subfield code="a">SH</subfield>
  </datafield>
  <datafield tag="980" ind1="#" ind2="#">
   <subfield code="a">Thư viện Trường Đại học Đà Lạt</subfield>
  </datafield>
 </record>
</collection>
